| 000 | 00966cab a2200193 4500 | ||
|---|---|---|---|
| 001 | ABS37734 | ||
| 008 | 090401t1987 xxu||||| |||| 00| 0 eng d | ||
| 035 | _a(Sirsi) u6493 | ||
| 041 | _aeng | ||
| 245 | _aCSW Industrial supplement | ||
| 260 | _c1987 | ||
| 350 | _a0 | ||
| 490 |
_aChartered Surveyor Weekly _v29 May 1987 1-48 (17) |
||
| 520 | _aIndustrial buildings are becoming more important with the demand for industrial space growing. This supplement takes a look at the reasons for the growth, describes some of the developments in progress, modern management of industrial estates , demand at airport sites, repercussions of changes in the nature of retail distribution and prospects for future development. Also includes features on the arrival of Nissan in Sunderland and reports on the results of a survey on the industrial market. (Loan) | ||
| 650 | _aINDUSTRIAL PARKS | ||
| 690 | _aPROPERTY-COMMERCIAL PROPERTY | ||
| 942 | _n0 | ||
| 948 | _c04/03/1997 | ||
| 999 |
_c3894 _d3894 |
||